| 000 | 00692aam a2200253 4500 | ||
|---|---|---|---|
| 005 | 20260304155244.0 | ||
| 008 | 150421b2005 xxu||||| |||| 00| 0 spa d | ||
| 020 | _a9700756882 | ||
| 041 | _aESP | ||
| 082 | _a364.106 G216d4 | ||
| 100 |
_aGarcía Ramírez, Sergio _914307 |
||
| 245 | _aDelincuencia organizada: antecedentes y regulación penal en México | ||
| 260 | _aMéxico | ||
| 260 | _bEditorial Porrúa | ||
| 260 | _c2005 | ||
| 300 | _a427 páginas | ||
| 490 | _aInvestigación Criminal | ||
| 650 | _aCRIMINALIDAD | ||
| 650 | _aCRIMEN ORGANIZADO | ||
| 650 | _aDELINCUENCIA ORGANIZADA | ||
| 650 | _aREALIZACIÓN DEL DELITO | ||
| 650 | _aNARCOTRÁFICO | ||
| 942 |
_cBK _2ddc |
||
| 999 |
_c4931 _d4931 |
||